[Event "Belgrade Serbia op"]
[Site "Belgrade"]
[Date "2023.07.21"]
[Round "6"]
[White "Pajcin, Lav"]
[Black "Loshkarev, Dmitri"]
[Result "1-0"]
[WhiteElo "2296"]
[BlackElo "1997"]
[PlyCount "101"]
[EventDate "2023.07.16"]
[EventType "swiss"]
[EventRounds "9"]
[EventCountry "SRB"]
[SourceTitle "CBM 215 Extra"]
[Source "ChessBase"]
[SourceDate "2023.09.30"]
[SourceVersion "1"]
[SourceVersionDate "2023.09.30"]
[SourceQuality "1"]

1. d4 d5 2. Nc3 Nf6 3. Bf4 g6 4. e3 Bg7 5. h4 h5 6. Nf3 Bf5 7. Nb5 Na6 8. Be2 c6 9. Nc3 Ng4 10. a3 f6 11. Nd2 e5 12. dxe5 fxe5 13. Bg5 Bf6 14. e4 Bxg5 15. hxg5 Qb6 16. 0-0 Bd7 17. exd5 0-0-0 18. Qe1 Rde8 19. Nc4 Qd4 20. Rd1 Qf4 21. g3 Qxg5 22. Ne4 Qh6 23. Ncd6+ Kb8 24. Nf7 Qg7 25. Nxh8 Rxh8 26. f3 Ne3 27. Bxa6 Nxd1 28. Qb4 Bc8 29. Rxd1 Rd8 30. d6 Qf7 31. d7 Rxd7 32. Rxd7 Qxd7 33. Bd3 Qh3 34. Qd6+ Ka8 35. Qxe5 a6 36. a4 h4 37. Bf1 Qd7 38. gxh4 Qd1 39. Qc3 Bh3 40. Ng3 Qd6 41. Kf2 Be6 42. Qe3 Bd5 43. Bd3 Bf7 44. Kg2 Qf6 45. Qg5 Qd6 46. Ne4 Qd4 47. Qf6 Qd5 48. Nd6 Be6 49. Nc4 Ka7 50. Qxg6 b5 51. Qg7+ 1-0

[Event "Novi Sad Serbia op-A"]
[Site "Novi Sad"]
[Date "2022.06.29"]
[Round "2"]
[White "Loshkarev, Dmitri"]
[Black "Pham, Khoi"]
[Result "0-1"]
[WhiteElo "2094"]
[BlackElo "2244"]
[PlyCount "78"]
[EventDate "2022.06.28"]
[EventType "swiss"]
[EventRounds "9"]
[EventCountry "SRB"]
[SourceTitle "EXT 2023"]
[Source "ChessBase"]
[SourceDate "2022.10.05"]
[SourceVersion "1"]
[SourceVersionDate "2022.10.05"]
[SourceQuality "1"]

1. e4 c5 2. Nc3 Nc6 3. g3 g6 4. Bg2 Bg7 5. d3 d6 6. Be3 Nf6 7. h3 0-0 8. Nge2 Rb8 9. 0-0 b5 10. Qd2 b4 11. Nd1 a5 12. Rc1 Ba6 13. c4 Nd7 14. Bh6 Bxh6 15. Qxh6 Nd4 16. Nxd4 cxd4 17. f4 b3 18. a3 Rc8 19. Nf2 Rc5 20. e5 f5 21. exf6 Nxf6 22. g4 d5 23. f5 gxf5 24. g5 dxc4 25. gxf6 Rxf6 26. Qd2 Rg6 27. Kh1 Qc7 28. Rg1 c3 29. Qh6 Bb7 30. Bxb7 Qxb7+ 31. Kh2 Qc7+ 32. Kh1 Qc6+ 33. Kh2 Qd6+ 34. Kh1 cxb2 35. Rxg6+ Qxg6 36. Rg1 Qxg1+ 37. Kxg1 b1Q+ 38. Kg2 Qc1 39. Qh5 Qe3 0-1

[Event "Moscow op-A 15th"]
[Site "Moscow"]
[Date "2019.01.27"]
[Round "2"]
[White "Eynullayev, Altay Elshan"]
[Black "Loshkarev, Dmitri"]
[Result "1-0"]
[WhiteElo "2236"]
[BlackElo "2057"]
[PlyCount "81"]
[EventDate "2019.01.26"]
[EventType "swiss"]
[EventRounds "9"]
[EventCountry "RUS"]
[SourceTitle "CBM 188 Extra"]
[Source "ChessBase"]
[SourceDate "2019.02.26"]
[SourceVersion "1"]
[SourceVersionDate "2019.02.26"]
[SourceQuality "1"]

1. e4 e5 2. Nf3 Nc6 3. Bb5 g6 4. d4 exd4 5. c3 d3 6. Qxd3 Bg7 7. 0-0 Nge7 8. Nbd2 0-0 9. Re1 d6 10. Ba4 Bd7 11. Bb3 Be6 12. Bxe6 fxe6 13. Nb3 Ne5 14. Nxe5 Bxe5 15. Qh3 Qd7 16. Bh6 Rfe8 17. Rad1 Nc6 18. f4 Bg7 19. e5 Bxh6 20. Qxh6 Qe7 21. exd6 cxd6 22. Rd3 Rad8 23. Nd2 d5 24. Nf3 d4 25. cxd4 Qb4 26. a3 Qb6 27. Ng5 Re7 28. Rxe6 Rxd4 29. Rde3 Rdd7 30. Qh3 Rd1+ 31. Kf2 Rd2+ 32. Kf1 Qb5+ 33. Kg1 Rd1+ 34. Kf2 Nd4 35. Rxe7 Rf1+ 36. Kg3 Nf5+ 37. Qxf5 gxf5 38. Re8+ Kg7 39. R3e7+ Kf6 40. Rf7+ Kg6 41. Rg8+ 1-0

[Event "Moscow op-A 15th"]
[Site "Moscow"]
[Date "2019.01.26"]
[Round "1"]
[White "Loshkarev, Dmitri"]
[Black "Baghdasaryan, Vahe"]
[Result "0-1"]
[WhiteElo "2057"]
[BlackElo "2354"]
[PlyCount "68"]
[EventDate "2019.01.26"]
[EventType "swiss"]
[EventRounds "9"]
[EventCountry "RUS"]
[SourceTitle "CBM 188 Extra"]
[Source "ChessBase"]
[SourceDate "2019.02.26"]
[SourceVersion "1"]
[SourceVersionDate "2019.02.26"]
[SourceQuality "1"]

1. e4 c5 2. Nc3 a6 3. f4 b5 4. d3 Bb7 5. Nf3 e6 6. g3 d6 7. Bg2 Nd7 8. 0-0 Ngf6 9. Qe1 b4 10. Ne2 Be7 11. h3 h5 12. f5 e5 13. c4 bxc3 14. Nxc3 Qb6 15. Be3 a5 16. Nd2 Ba6 17. Nc4 Bxc4 18. dxc4 Nb8 19. Bg5 Nc6 20. Nd5 Qa7 21. Bxf6 gxf6 22. a4 Nd4 23. Qf2 Rb8 24. Nc3 Rb4 25. Nb5 Qb7 26. Rfe1 Rxc4 27. Bf1 Rc2 28. Qe3 Rg8 29. Ra2 c4 30. Nxd4 exd4 31. Qxd4 Qb4 32. Rd1 Bd8 33. Qd5 Qb6+ 34. Rd4 Rd2 0-1

[Event "Paleochora op 11th"]
[Site "Paleochora"]
[Date "2018.07.24"]
[Round "8"]
[White "Stewart, Ashley"]
[Black "Loshkarev, Dmitri"]
[Result "1/2-1/2"]
[WhiteElo "2176"]
[BlackElo "2060"]
[PlyCount "128"]
[EventDate "2018.07.18"]
[EventType "swiss"]
[EventRounds "9"]
[EventCountry "GRE"]
[SourceTitle "CBM 186 Extra"]
[Source "ChessBase"]
[SourceDate "2018.08.24"]
[SourceVersion "1"]
[SourceVersionDate "2018.08.24"]
[SourceQuality "1"]

1. c4 f5 2. g3 Nf6 3. Bg2 e6 4. Nf3 d5 5. 0-0 Bd6 6. d3 0-0 7. Nc3 c6 8. e4 dxe4 9. dxe4 Bb4 10. exf5 Qxd1 11. Rxd1 exf5 12. Bf4 Be6 13. Nd4 Kf7 14. Nxe6 Kxe6 15. Ne2 g6 16. Nd4+ Kf7 17. a3 Be7 18. b4 Ne4 19. Bxe4 fxe4 20. Re1 Bf6 21. Rad1 Re8 22. b5 a6 23. bxc6 Nxc6 24. Nxc6 bxc6 25. Rb1 g5 26. Bd6 Bd4 27. Rb7+ Kg6 28. Be7 Ra7 29. Rxa7 Bxa7 30. Bd6 e3 31. Kf1 Kf7 32. c5 exf2 33. Rxe8 Kxe8 34. Kxf2 Kf7 35. Ke3 Ke6 36. Ke4 g4 37. Kd4 Kf5 38. Bf4 Ke6 39. Kc4 Kf5 40. Kd4 Ke6 41. a4 Kf5 42. Bd6 h5 43. Kd3 Ke6 44. Kc4 Kd7 45. Kb3 Kd8 46. Kc3 Kd7 47. Kc4 Ke6 48. Kb4 Kd5 49. Ka5 Bxc5 50. Bxc5 Kxc5 51. Kxa6 Kd4 52. a5 c5 53. Kb6 c4 54. a6 c3 55. a7 c2 56. a8Q c1Q 57. Qh8+ Ke4 58. Qxh5 Kf3 59. Qd5+ Kf2 60. Qf5+ Kg2 61. Qxg4 Qg1+ 62. Kc6 Qxh2 63. Qh4 Qxg3 64. Qxg3+ Kxg3 1/2-1/2

[Event "Paleochora op 11th"]
[Site "Paleochora"]
[Date "2018.07.19"]
[Round "2"]
[White "Werle, Jan"]
[Black "Loshkarev, Dmitri"]
[Result "1-0"]
[WhiteElo "2525"]
[BlackElo "2060"]
[PlyCount "69"]
[EventDate "2018.07.18"]
[EventType "swiss"]
[EventRounds "9"]
[EventCountry "GRE"]
[SourceTitle "CBM 186 Extra"]
[Source "ChessBase"]
[SourceDate "2018.08.24"]
[SourceVersion "1"]
[SourceVersionDate "2018.08.24"]
[SourceQuality "1"]

1. Nf3 d5 2. c4 d4 3. b4 f6 4. Na3 c5 5. bxc5 e5 6. Nc2 Bxc5 7. d3 Ne7 8. g3 Nbc6 9. Bg2 Nb4 10. Nxb4 Bxb4+ 11. Nd2 0-0 12. 0-0 Nc6 13. Rb1 Be7 14. Qa4 Qc7 15. Ba3 Bxa3 16. Qxa3 Bf5 17. c5 Be6 18. Ne4 Rab8 19. Nd6 a5 20. Rb5 b6 21. cxb6 Qd7 22. Qc5 Rfd8 23. Nc4 Rdc8 24. b7 Rc7 25. Nb6 Qe8 26. Rc1 Na7 27. Qxc7 Nxb5 28. Qxb8 Qxb8 29. Rc8+ Bxc8 30. bxc8Q+ Qxc8 31. Nxc8 Nc3 32. Kf1 Kf8 33. a3 Ke8 34. Nb6 Ke7 35. Nd5+ 1-0

[Event "Hersonissos op 2nd"]
[Site "Hersonissos"]
[Date "2018.06.22"]
[Round "7"]
[White "Kouvidis, Ioannis"]
[Black "Loshkarev, Dmitri"]
[Result "1-0"]
[WhiteElo "1730"]
[BlackElo "2089"]
[PlyCount "47"]
[EventDate "2018.06.17"]
[EventType "swiss"]
[EventRounds "9"]
[EventCountry "GRE"]
[SourceTitle "CBM 185 Extra"]
[Source "ChessBase"]
[SourceDate "2018.07.29"]
[SourceVersion "1"]
[SourceVersionDate "2018.07.29"]
[SourceQuality "1"]

1. e4 e5 2. Nf3 Nc6 3. Nc3 g6 4. d4 exd4 5. Nxd4 Bg7 6. Be3 Nf6 7. Nxc6 bxc6 8. e5 Ng8 9. f4 Ne7 10. Qf3 0-0 11. 0-0-0 f6 12. Bc4+ Kh8 13. Qe4 d5 14. exd6 cxd6 15. Bc5 f5 16. Qe3 Nd5 17. Nxd5 cxd5 18. Bxd5 Rb8 19. Bd4 Qc7 20. Rhe1 Rb4 21. c3 Bxd4 22. Rxd4 Rb6 23. Rc4 Qd8 24. Qd4+ 1-0

[Event "Hersonissos op 2nd"]
[Site "Hersonissos"]
[Date "2018.06.18"]
[Round "3"]
[White "Loshkarev, Dmitri"]
[Black "Haug, Johannes"]
[Result "1/2-1/2"]
[WhiteElo "2089"]
[BlackElo "2401"]
[PlyCount "70"]
[EventDate "2018.06.17"]
[EventType "swiss"]
[EventRounds "9"]
[EventCountry "GRE"]
[SourceTitle "CBM 185 Extra"]
[Source "ChessBase"]
[SourceDate "2018.07.29"]
[SourceVersion "1"]
[SourceVersionDate "2018.07.29"]
[SourceQuality "1"]

1. e4 e5 2. Nc3 Nf6 3. Bc4 Bc5 4. d3 d6 5. Na4 Bb4+ 6. c3 Ba5 7. b4 Bb6 8. Nxb6 axb6 9. Bb3 Be6 10. Nf3 Bxb3 11. Qxb3 0-0 12. 0-0 h6 13. h3 Nc6 14. Re1 Ne7 15. Be3 Ng6 16. a4 d5 17. exd5 Nxd5 18. c4 Nf6 19. d4 e4 20. Ne5 Nh4 21. a5 bxa5 22. Rxa5 Ng6 23. Nxg6 fxg6 24. Rxa8 Qxa8 25. d5 Qc8 26. Bd4 Qf5 27. Qe3 b5 28. Bxf6 Rxf6 29. cxb5 Qxd5 30. Qxe4 Qxb5 31. Qe8+ Qxe8 32. Rxe8+ Kf7 33. Rc8 Rc6 34. b5 Rc5 35. Rb8 g5 1/2-1/2

[Event "Paleochora op 10th"]
[Site "Paleochora"]
[Date "2017.07.26"]
[Round "9"]
[White "Galunova, Tsveta"]
[Black "Loshkarev, Dmitri"]
[Result "1-0"]
[WhiteElo "2217"]
[BlackElo "2057"]
[PlyCount "49"]
[EventDate "2017.07.19"]
[EventType "swiss"]
[EventRounds "9"]
[EventCountry "GRE"]
[SourceTitle "EXT 2018"]
[Source "ChessBase"]
[SourceDate "2017.10.13"]
[SourceVersion "1"]
[SourceVersionDate "2017.10.13"]
[SourceQuality "1"]

1. d4 d5 2. c4 dxc4 3. e4 Nf6 4. e5 Nd5 5. Bxc4 Nb6 6. Bd3 Nc6 7. Be3 Be6 8. Ne2 Qd7 9. Nbc3 0-0-0 10. Be4 f5 11. Bf3 Nb4 12. 0-0 N4d5 13. g3 h6 14. Qd3 g5 15. Rfd1 Nxc3 16. Nxc3 Bc4 17. Qc2 e6 18. d5 Bxd5 19. Bxb6 axb6 20. Nxd5 exd5 21. Rxd5 Qe6 22. Rxd8+ Kxd8 23. Rd1+ Kc8 24. Qa4 c6 25. Qa8+ 1-0

[Event "Moscow op-A 13th"]
[Site "Moscow"]
[Date "2017.02.02"]
[Round "6"]
[White "Loshkarev, Dmitri"]
[Black "Zaika, Daniil"]
[Result "0-1"]
[WhiteElo "2154"]
[BlackElo "2013"]
[PlyCount "72"]
[EventDate "2017.01.28"]
[EventType "swiss"]
[EventRounds "9"]
[EventCountry "RUS"]
[SourceTitle "EXT 2018"]
[Source "ChessBase"]
[SourceDate "2017.10.13"]
[SourceVersion "1"]
[SourceVersionDate "2017.10.13"]
[SourceQuality "1"]

1. e4 c5 2. Nf3 d6 3. Bb5+ Nd7 4. d4 cxd4 5. Qxd4 e5 6. Qd3 Be7 7. Nc3 Ngf6 8. Bg5 0-0 9. Bxd7 Qxd7 10. Rd1 Rd8 11. Bxf6 Bxf6 12. Nd5 Qg4 13. h3 Qh5 14. Ke2 Be6 15. c4 Rd7 16. g4 Qg6 17. Rdg1 Bd8 18. Rg2 Rc8 19. b3 b5 20. cxb5 Rc5 21. Ne3 Ba5 22. Rd1 Rc3 23. Qb1 Qh6 24. g5 Qh5 25. Rg3 Bb6 26. Nd5 Bxd5 27. exd5 Rdc7 28. Rd2 Ba5 29. b4 Rc1 30. Qb3 Bb6 31. Qd3 R7c4 32. Rg4 Rxg4 33. Rc2 Rgg1 34. Qc4 Rge1+ 35. Kd2 Rcd1+ 36. Kc3 Qxf3+ 0-1

[Event "Moscow op-A 13th"]
[Site "Moscow"]
[Date "2017.01.28"]
[Round "1"]
[White "Loshkarev, Dmitri"]
[Black "Mischuk, Dmitry"]
[Result "0-1"]
[WhiteElo "2154"]
[BlackElo "2374"]
[PlyCount "86"]
[EventDate "2017.01.28"]
[EventType "swiss"]
[EventRounds "9"]
[EventCountry "RUS"]
[SourceTitle "EXT 2018"]
[Source "ChessBase"]
[SourceDate "2017.10.13"]
[SourceVersion "1"]
[SourceVersionDate "2017.10.13"]
[SourceQuality "1"]

1. e4 c5 2. Nf3 d6 3. Bb5+ Nd7 4. c3 Ngf6 5. Qe2 a6 6. Ba4 b5 7. Bc2 Bb7 8. d3 g6 9. Nbd2 Bg7 10. Nf1 0-0 11. Ng3 b4 12. 0-0 a5 13. h4 a4 14. c4 a3 15. Bb3 e6 16. Rb1 axb2 17. Bxb2 h5 18. Ng5 Nh7 19. Bxg7 Kxg7 20. f4 Nxg5 21. hxg5 e5 22. Qe3 exf4 23. Rxf4 Kg8 24. Rff1 Qe7 25. Nh1 Ne5 26. Nf2 Bc8 27. Nh3 Bxh3 28. gxh3 Nc6 29. Rb2 Nd4 30. Bd1 Ra3 31. Bb3 Qe5 32. Rff2 Ne6 33. h4 Ra7 34. Rbe2 f6 35. gxf6 Raf7 36. Ba4 Rxf6 37. Rxf6 Qxf6 38. Rf2 Nf4 39. Bd7 Qxh4 40. Bf5 Rxf5 41. exf5 Nh3+ 42. Kh1 Nxf2+ 43. Kg2 Qh3+ 0-1

[Event "Moscow Aeroflot op-C"]
[Site "Moscow"]
[Date "2006.02.11"]
[Round "5"]
[White "Loshkarev, Dmitri"]
[Black "Galojan, Lilit"]
[Result "1/2-1/2"]
[WhiteElo "2204"]
[BlackElo "2251"]
[PlyCount "120"]
[EventDate "2006.02.07"]
[EventType "swiss"]
[EventRounds "9"]
[EventCountry "RUS"]
[SourceTitle "EXT 2007"]
[Source "ChessBase"]
[SourceDate "2006.11.23"]
[SourceVersion "1"]
[SourceVersionDate "2006.11.23"]
[SourceQuality "1"]

1. e4 c5 2. Nf3 Nc6 3. d4 cxd4 4. Nxd4 e6 5. Nxc6 bxc6 6. Bd3 d5 7. 0-0 Nf6 8. Nd2 Qc7 9. exd5 cxd5 10. Nf3 Bd6 11. c4 0-0 12. cxd5 exd5 13. Qc2 Qb7 14. Be3 Bd7 15. Rac1 Rac8 16. Qb1 Ne4 17. Nd2 Rfe8 18. Rxc8 Bxc8 19. Rc1 Bf5 20. Nf1 Bg6 21. Bd4 Bb8 22. Qc2 Qe7 23. a3 Be5 24. Bxe5 Qxe5 25. Bb5 Rf8 26. Bd3 Qg5 27. Rd1 h6 28. f3 Nf6 29. Bxg6 fxg6 30. Qd2 Qe5 31. Qd4 Qc7 32. Ne3 Rd8 33. b4 Rd7 34. g3 Qc6 35. Kg2 Kh7 36. g4 Qa6 37. Rd3 g5 38. Kf2 Qd6 39. Kg2 Qa6 40. Nf5 Rc7 41. h4 gxh4 42. Nxh4 Rc2+ 43. Kg3 Ra2 44. Qe3 Qd6+ 45. Qf4 Qxf4+ 46. Kxf4 g5+ 47. Kf5 Ne8 48. Ng6 Ng7+ 49. Kf6 Re2 50. Kf7 h5 51. gxh5 Nxh5 52. Nf8+ Kh6 53. Rxd5 Nf4 54. Rd6+ Kh5 55. Ne6 Nxe6 56. Rxe6 Rf2 57. Rf6 Kh4 58. Kg6 Ra2 59. Ra6 Rf2 60. Rxa7 Rxf3 1/2-1/2

[Event "Moscow Aeroflot op-C"]
[Site "Moscow"]
[Date "2006.02.08"]
[Round "2"]
[White "Shevelev, Arkady"]
[Black "Loshkarev, Dmitri"]
[Result "1/2-1/2"]
[WhiteElo "2328"]
[BlackElo "2204"]
[PlyCount "44"]
[EventDate "2006.02.07"]
[EventType "swiss"]
[EventRounds "9"]
[EventCountry "RUS"]
[SourceTitle "EXT 2007"]
[Source "ChessBase"]
[SourceDate "2006.11.23"]
[SourceVersion "1"]
[SourceVersionDate "2006.11.23"]
[SourceQuality "1"]

1. e4 c6 2. d4 d5 3. exd5 cxd5 4. Bd3 Nc6 5. c3 Nf6 6. Bf4 Bg4 7. Qb3 Qc8 8. Nd2 e6 9. Ngf3 Be7 10. 0-0 0-0 11. Rfe1 Nh5 12. Be3 Nf6 13. h3 Bh5 14. Bf4 Bg6 15. Bxg6 hxg6 16. Ne5 Nxe5 17. Bxe5 Nd7 18. Bg3 Nb6 19. Re2 Qc6 20. Rae1 Qa4 21. Nf3 Rfc8 22. Ne5 Bf6 1/2-1/2

[Event "Tula CC-ch"]
[Site "Tula"]
[Date "2005.10.23"]
[Round "9"]
[White "Shishkin, Pavel"]
[Black "Loshkarev, Dmitri"]
[Result "1-0"]
[WhiteElo "2193"]
[BlackElo "2212"]
[PlyCount "97"]
[EventDate "2005.10.15"]
[EventType "swiss"]
[EventRounds "9"]
[EventCountry "RUS"]
[SourceTitle "EXT 2006"]
[Source "ChessBase"]
[SourceDate "2005.11.24"]
[SourceVersion "1"]
[SourceVersionDate "2005.11.24"]
[SourceQuality "1"]

1. d4 Nf6 2. c4 e6 3. Nf3 b6 4. g3 Ba6 5. Qc2 c5 6. Bg2 Bb7 7. e3 Be7 8. Nc3 cxd4 9. exd4 0-0 10. Bg5 Qc8 11. 0-0 Qxc4 12. Bxf6 Bxf6 13. Ng5 Bxg5 14. Bxb7 Nc6 15. Bxa8 Rxa8 16. Rad1 d5 17. b3 Nxd4 18. bxc4 Nxc2 19. cxd5 exd5 20. Rxd5 h6 21. Ne4 Nb4 22. Rb5 Be7 23. Rb1 Nxa2 24. R5b2 f5 25. Rxa2 fxe4 26. Rxb6 Rf8 27. Re6 Bc5 28. Rxe4 Rf6 29. Kg2 Bb6 30. f4 Rc6 31. Rd2 Rc7 32. h4 Rb7 33. g4 Bc5 34. h5 a5 35. g5 hxg5 36. fxg5 Rb8 37. Rd5 Bb4 38. g6 Ra8 39. Rd7 Bc3 40. Rc4 Bb2 41. Ra7 Rf8 42. Rxa5 Bf6 43. Rca4 Rd8 44. Ra8 Kf8 45. Rxd8+ Bxd8 46. Ra8 Ke7 47. Rxd8 Kxd8 48. h6 gxh6 49. g7 1-0

[Event "Tula CC-ch"]
[Site "Tula"]
[Date "2005.10.22"]
[Round "8"]
[White "Loshkarev, Dmitri"]
[Black "Zaitsev, Alexander"]
[Result "0-1"]
[WhiteElo "2212"]
[BlackElo "2410"]
[PlyCount "125"]
[EventDate "2005.10.15"]
[EventType "swiss"]
[EventRounds "9"]
[EventCountry "RUS"]
[SourceTitle "EXT 2006"]
[Source "ChessBase"]
[SourceDate "2005.11.24"]
[SourceVersion "1"]
[SourceVersionDate "2005.11.24"]
[SourceQuality "1"]

1. e4 c5 2. Nf3 e6 3. d4 cxd4 4. Nxd4 Nc6 5. Nxc6 bxc6 6. Bd3 Nf6 7. 0-0 e5 8. b3 Be7 9. Bb2 d6 10. c4 Nd7 11. b4 0-0 12. Nc3 Nf6 13. Qc2 Be6 14. a4 Rc8 15. Qe2 g6 16. a5 Nh5 17. b5 Nf4 18. Qd1 d5 19. exd5 cxd5 20. cxd5 Rxc3 21. Bxc3 Qxd5 22. Qf3 Qxf3 23. gxf3 Nxd3 24. b6 axb6 25. axb6 Rb8 26. Rfb1 Bd5 27. Ra5 Bc5 28. Rd1 Bc4 29. Bxe5 Bxb6 30. Bxb8 Bxa5 31. Ra1 Bb6 32. Ba7 Bxa7 33. Rxa7 Bd5 34. Ra3 Nf4 35. h4 Kg7 36. Kh2 Kf6 37. Kg3 Ne2+ 38. Kh3 h5 39. Ra6+ Ke5 40. Ra5 Ng1+ 41. Kg3 Nxf3 42. Ra1 Nd4 43. Re1+ Be4 44. Ra1 Nf5+ 45. Kh3 Bf3 46. Ra5+ Kf6 47. Ra6+ Kg7 48. Rb6 Bg4+ 49. Kg2 Nxh4+ 50. Kg3 g5 51. Ra6 f6 52. Rb6 Kg6 53. Ra6 Nf5+ 54. Kg2 Nd4 55. Ra4 Ne6 56. Ra5 h4 57. Rb5 Nf4+ 58. Kh2 Bf3 59. Rb3 g4 60. Ra3 Kg5 61. Ra5+ f5 62. Ra3 Be4 63. Re3 0-1

[Event "Tula CC-ch"]
[Site "Tula"]
[Date "2005.10.18"]
[Round "4"]
[White "Ponomarenko, Viktor"]
[Black "Loshkarev, Dmitri"]
[Result "1-0"]
[WhiteElo "2250"]
[BlackElo "2212"]
[PlyCount "43"]
[EventDate "2005.10.15"]
[EventType "swiss"]
[EventRounds "9"]
[EventCountry "RUS"]
[SourceTitle "EXT 2006"]
[Source "ChessBase"]
[SourceDate "2005.11.24"]
[SourceVersion "1"]
[SourceVersionDate "2005.11.24"]
[SourceQuality "1"]

1. d4 d5 2. c4 dxc4 3. Nf3 Nf6 4. Nc3 c6 5. a4 Bg4 6. Ne5 Bh5 7. g3 e6 8. Nxc4 Bb4 9. Bg2 0-0 10. 0-0 Na6 11. h3 Nd5 12. Qd3 Bg6 13. e4 Nb6 14. Ne5 Nd7 15. Nxc6 Qb6 16. Nxb4 Nxb4 17. Qe2 Rad8 18. Be3 Qa5 19. Rfc1 a6 20. f4 f6 21. Nd1 Nb6 22. Rc5 1-0

[Event "Moscow-ch"]
[Site "Moscow"]
[Date "1999.??.??"]
[Round "1"]
[White "Arkhangelsky, Boris Nikolaevich"]
[Black "Loshkarev, Dmitri"]
[Result "1/2-1/2"]
[WhiteElo "2382"]
[BlackElo "2100"]
[PlyCount "105"]
[EventDate "1999.??.??"]
[EventType "swiss"]
[EventRounds "9"]
[EventCountry "RUS"]
[SourceTitle "EXT 2001"]
[Source "ChessBase"]
[SourceDate "2000.11.22"]
[SourceVersion "1"]
[SourceVersionDate "2000.11.22"]
[SourceQuality "1"]

1. d4 d5 2. c4 e6 3. Nf3 Nf6 4. Nc3 c6 5. e3 Nbd7 6. Bd3 Bd6 7. 0-0 0-0 8. e4 dxe4 9. Nxe4 Nxe4 10. Bxe4 Nf6 11. Bc2 h6 12. Ne5 c5 13. Re1 cxd4 14. Qxd4 Qc7 15. Bd2 b6 16. Ng4 Nxg4 17. Qxg4 f5 18. Qh3 Be5 19. Bc3 Bxc3 20. Qxc3 Bd7 21. Rad1 Rad8 22. b4 Bc8 23. Bb3 Rxd1 24. Rxd1 Rd8 25. Rxd8+ Qxd8 26. c5 Qf6 27. Qxf6 gxf6 28. g3 bxc5 29. bxc5 Kf7 30. Kf1 Ke7 31. Ke2 Kd7 32. Ba4+ Kc7 33. Kd3 Bb7 34. a3 Bd5 35. Kd4 Bb7 36. Kc4 Ba6+ 37. Kb4 Bb7 38. Ka5 Bc8 39. Be8 Kd8 40. Bc6 Kc7 41. Bf3 Kd8 42. Kb5 Kc7 43. Bg2 Kd7 44. a4 Kc7 45. a5 Kd7 46. Bc6+ Kc7 47. Be8 a6+ 48. Kc4 Bb7 49. Bh5 Bc6 50. Kd4 Bb5 51. Bf3 Kd7 52. Kc3 Kc7 53. Kb4 1/2-1/2